Central Library OPAC University of Rajshahi

The law of arbitration in British India / (Record no. 46675)

MARC details
000 -LEADER
fixed length control field 00767nam a2200253 a 4500
001 - CONTROL NUMBER
control field 46675
003 - CONTROL NUMBER IDENTIFIER
rucl marc code BD-RjUL
005 - DATE AND TIME OF LATEST TRANSACTION
control field 20211209054204.0
008 - FIXED-LENGTH DATA ELEMENTS--GENERAL INFORMATION
fixed length control field 160803s1942 ii 001 0 eng d
035 ## - SYSTEM CONTROL NUMBER
System control number (BD-RjUL)46794
040 ## - CATALOGING SOURCE
Original cataloging agency MLL
Modifying agency EQO
-- BD-RjUL
Language of cataloging eng
Transcribing agency BD-RjUL
041 ## - LANGUAGE CODE
Language code of text/sound track or separate title eng
082 ## - DEWEY DECIMAL CLASSIFICATION NUMBER
Edition number 23
Classification number 349.54
Author mark and year SIL 1942
100 1# - MAIN ENTRY--PERSONAL NAME
Personal name Sircar, Nripendra Nath.
9 (RLIN) 142300
245 14 - TITLE STATEMENT
Title The law of arbitration in British India /
Statement of responsibility, etc. by Nripendra Nath Sircar
260 ## - PUBLICATION, DISTRIBUTION, ETC. (IMPRINT)
Place of publication, distribution, etc. Calcutta :
Name of publisher, distributor, etc. Subodh Kumar De,
Date of publication, distribution, etc. 1942
300 ## - PHYSICAL DESCRIPTION
Pagination lx, 469 p. ;
Size 25 cm
490 ## - SERIES STATEMENT
Series statement Tagore law lectures
Volume/sequential designation 1942
500 ## - GENERAL NOTE
General note Include index
650 #0 - SUBJECT ADDED ENTRY--TOPICAL TERM
Topical term or geographic name as entry element Arbitration and award
Geographic subdivision India
9 (RLIN) 142301
830 #0 - SERIES ADDED ENTRY--UNIFORM TITLE
Uniform title Tagore law lectures ;
Volume number/sequential designation 1942.
942 ## - ADDED ENTRY ELEMENTS (KOHA)
Source of classification or shelving scheme Dewey Decimal Classification
Koha item type Books
Holdings
Lost status Source of classification or shelving scheme Damaged status Not for loan Collection code Permanent Location Current Location Shelving location Date acquired Source of acquisition Cost, normal purchase price Total Checkouts Full call number Date last seen Copy number Koha item type
  Dewey Decimal Classification     Non-fiction Central Library, University of Rajshahi Central Library, University of Rajshahi   10/04/1956 Eastern law house 10.00   349.54 SIL 1942 03/08/2016 C-2 Books